| 000 | 01115nam2a22002531 4500 | ||
|---|---|---|---|
| 001 | RU\NLR\INFOCOMM20\1000017562 | ||
| 005 | 20250617071850.0 | ||
| 035 | _a(NLR Aleph) 002547314 | ||
| 090 |
_a2988307 _c2988307 |
||
| 100 | _a20040601d1908 |||y0rusy50 ca | ||
| 101 | 0 | _arus | |
| 102 | _aRU | ||
| 105 | _ay ||||||||| | ||
| 200 | 0 | _aГ.13 1908, Т.1, Кн.5/6 | |
| 210 |
_d1908 _aБ. м. |
||
| 421 | 0 |
_12001#$aЗамерзший мирок$fАллен Ч.Г. _1700#1$aАллен$bЧ.Г. _1210##$aСпб.$d1908 _12251#$aНаши книжки$h8 _1309##$a(припл.) _tЗамерзший мирок _aАллен, Ч.Г. |
|
| 461 | 0 |
_1001RU\NLR\INFOCOMM20\1000017414 _12001#$aНародное образование$eЕжемес. журн.$vГ.13 1908, Т.1, Кн.5/6 _92988162 _cСПб. _d1896-1917 _nУчилищный сов. при Святейшем синоде _oЕжемес. журн. _tНародное образование _vГ.13 1908, Т.1, Кн.5/6 |
|
| 801 | 1 |
_aRU _bInfoComm _c20040601 |
|
| 801 | 0 |
_aRU _bNLR _gPSBO |
|
| 852 |
_aNLR _j2/1010 |
||
| 942 | _cISSUE | ||
| 980 | _aNB | ||
| 980 | _aRUSPER | ||